书目信息 |
| 题名: |
律师责任与赔偿
|
|
| 作者: | 严军兴 , 罗力彦 著 | |
| 分册: | ||
| 出版信息: | 北京 法律出版社 1999.01 |
|
| 页数: | 267页 | |
| 开本: | 32开 | |
| 丛书名: | ||
| 单 册: | ||
| 中图分类: | D926.5 | |
| 科图分类: | ||
| 主题词: | 法律--中国 | |
| 电子资源: | ||
| ISBN: | 7-5036-2633-X | |
| 000 | 00584nam0 2200205 45 | |
| 001 | 0010261425 | |
| 005 | 20001026145223.5 | |
| 010 | @a7-5036-2633-X@d14.00元 | |
| 100 | @a20001026d1999 km y0chiy0120 ea | |
| 101 | 0 | @achi |
| 105 | @a z 000yy | |
| 200 | 1 | @a律师责任与赔偿@ALu Shi Ze Ren Yu Pei Chang@f严军兴,罗力彦著@FYan Jun Xing,Luo Li Yan Zhu |
| 210 | @a北京@c法律出版社@d1999.01 | |
| 215 | @a267页@d32开 | |
| 606 | 0 | @a法律@x中国 |
| 690 | @aD926.5@v3 | |
| 701 | 0 | @a严军兴@4著 |
| 701 | 0 | @a罗力彦@4著 |
| 801 | @aCN@bPftUser@c20001026 | |
| 905 | @b190658-660@dD926.5@eY889@f3 | |
| 律师责任与赔偿/严军兴,罗力彦著.-北京:法律出版社,1999.01 |
| 267页;32开 |
| ISBN 7-5036-2633-X:14.00元 |
| ● |
| 相关链接 |
|
|
|
正题名:律师责任与赔偿
索取号:D926.5/Y889
 
预约/预借
| 序号 | 登录号 | 条形码 | 馆藏地/架位号 | 状态 | 备注 |
| 1 | 190658 | 201906580 | 社科库509/509社科库 105排1列3层/ [索取号:D926.5/Y889] | 在馆 | |
| 2 | 190659 | 201906599 | 社科库509/509社科库 105排1列3层/ [索取号:D926.5/Y889] | 在馆 | |
| 3 | 190660 | 201906606 | 社科库509/509社科库 105排1列3层/ [索取号:D926.5/Y889] | 在馆 |